000 00613nam a22001697a 4500
003 PILC
005 20150605144752.0
008 150605b xxu||||| |||| 00| 0 eng d
050 _a QA 76.76.E95
_b.C758 2009
100 _aConstantino, Maria Nesmin J.
245 _aWeb-based grading system of south mansfield college /
_cMaria Nesmin J. Constantino, Joan D. Llorin, Rechelle Ann C. Virtus.
260 _aMuntinlupa City :
_bSMC,
_c2009.
300 _aviii, 52 pages :
_billustrations ;
_c28 cm.
500 _aIncludes bibliographical references and indexes.
650 _aWeb databases.
942 _2lcc
_cTH
_kLOC
999 _c284767
_d284767